Repartition des depenses et developpement economique au Benin /

Cette etude analyse la repartition des depenses et le developpement economique au Benin. Elle se penche sur des questions specifiques en s'appuyant sur un modele stylise de l'economie beninoise qui met en avant les arbitrages necessaires entre masse salariale et investissement. Ce modele t...

Mô tả đầy đủ

Chi tiết về thư mục
Tác giả chính: Pani, Marco
Tác giả khác: El Harrak, Mohamed
Định dạng: Tạp chí
Ngôn ngữ:English
Được phát hành: Washington, D.C. : International Monetary Fund, 2010.
Loạt:Departmental Papers; Departmental Paper ; No. 2010/005
Truy cập trực tuyến:Full text available on IMF
LEADER 01846cas a2200265 a 4500
001 AALejournalIMF012802
008 230101c9999 xx r poo 0 0eng d
020 |c 20.00 USD 
020 |z 9781475507379 
022 |a 2616-5333 
040 |a BD-DhAAL  |c BD-DhAAL 
100 1 |a Pani, Marco. 
240 1 0 |a Repartition des depenses et developpement economique au Benin.  |l French 
245 1 0 |a Repartition des depenses et developpement economique au Benin /  |c Marco Pani, Mohamed El Harrak. 
264 1 |a Washington, D.C. :  |b International Monetary Fund,  |c 2010. 
300 |a 1 online resource (33 pages) 
490 1 |a Departmental Papers 
500 |a <strong>Off-Campus Access:</strong> No User ID or Password Required 
500 |a <strong>On-Campus Access:</strong> No User ID or Password Required 
506 |a Electronic access restricted to authorized BRAC University faculty, staff and students 
520 3 |a Cette etude analyse la repartition des depenses et le developpement economique au Benin. Elle se penche sur des questions specifiques en s'appuyant sur un modele stylise de l'economie beninoise qui met en avant les arbitrages necessaires entre masse salariale et investissement. Ce modele tient compte de caracteristiques propres a l'economie beninoise, telles que le role important que joue l'agriculture dans l'emploi et dans le PIB, le grand nombre de chomeurs citadins qui, pour survivre, se tournent vers les activites precaires dans le secteur informel, et la forte influence des syndicats sur le marche du travail officiel concentre dans les zones urbaines. 
538 |a Mode of access: Internet 
700 1 |a El Harrak, Mohamed. 
830 0 |a Departmental Papers; Departmental Paper ;  |v No. 2010/005 
856 4 0 |z Full text available on IMF  |u http://elibrary.imf.org/view/journals/087/2010/005/087.2010.issue-005-fr.xml  |z IMF e-Library